Study on performance of clones in SSCT derived from hybridization among 1981 Hevea germplasm and oriental clones (Record no. 69844)

MARC details
000 -LEADER
fixed length control field 00657nam a2200169Ia 4500
100 ## - MAIN ENTRY--AUTHOR NAME
Personal name Nurmi-Rohayu A H
245 #0 - TITLE STATEMENT
Title Study on performance of clones in SSCT derived from hybridization among 1981 Hevea germplasm and oriental clones
260 ## - PUBLICATION, DISTRIBUTION, ETC. (IMPRINT)
Name of publisher IRC 2012. International Rubber Conference, 28-31 October 2012, Kovalam, India, Rubber Research Institute of India, Kottayam and IRRDB, Malaysia: Abstracts. pp.46-47
650 ## - SUBJECT ADDED ENTRY--TOPICAL TERM
Topical Term Hevea germplasm
650 ## - SUBJECT ADDED ENTRY--TOPICAL TERM
Topical Term Oriental clones
700 ## - ADDED ENTRY--PERSONAL NAME
Personal name Ab Ghani Z
700 ## - ADDED ENTRY--PERSONAL NAME
Personal name Mohd Aris M N
700 ## - ADDED ENTRY--PERSONAL NAME
Personal name Mohd Razar Rasyidah binti
700 ## - ADDED ENTRY--PERSONAL NAME
Personal name Wei O C
942 ## - ADDED ENTRY ELEMENTS (KOHA)
Koha item type Journals
Holdings
Withdrawn status Lost status Damaged status Not for loan Home library Current library Shelving location Date acquired Koha item type
      Journals RRII Library RRII Library Germaplsm 03/04/2013 Journals